000 01003 a2200265 4500
003 dpl
005 20080826165546.0
008 080826t xxu||||| |||| 00| 0 eng d
010 _aENG-87221
020 _a9788120332010
_c225.00
035 _aEN-70754
037 _bDBAD / PUB
040 _cdpl
082 _a005.13
100 _aBasavaraj S. Anami
245 _aComputer concepts and C programming
_cby Basavaraj S. Anami, Shanmukhappa A. Angadi [and] Sunil Kumar S. Manvi
_ba holistic approach to learning C
260 _aNew Delhi
_bPrentice-Hall of India
_c2007
270 _aM-97, Connaught Circus
_bNew Delhi
_e110 001
300 _axiii, 306p.
_c24cm (pbk )
500 _aIncludes index
700 _aShanmukhappa A. Anagadi
700 _aSunil Kumar S. Manvi
942 _adpl
_cEN
_k005.13 / BAS
_2ddc
_h005.13
_mBAS
999 _c6202
_d6202